000 00902pam a2200289 a 4500
001 2143
005 20250512152108.0
020 _a9780590994590
040 _aDLC
_cDLC
_dDLC
_beng
050 0 0 _aPZ8.3.C456
_bFi 1989
082 0 0 _219
100 1 _aChristelow, Eileen
245 1 0 _aFive little monkeys jumping on the bed /
_cretold and illustrated by Eileen Christelow.
260 _aNew York :
_bScholastic,
_c1989
300 _a32 pages :
_bIllustrations
_c21 x 26 cm
505 _aF
520 _aA counting book in which one by one the little monkeys jump on the bed only to fall off and bump their heads.
521 _a310
_bLexile
521 _aF
_bRaz-Plus
650 0 _aNursery rhymes.
650 0 _aChildren's poetry.
650 1 _aNursery rhymes.
650 1 _aMonkeys
_xPoetry.
650 1 _aCounting.
906 _a7
_bcbc
_corignew
_d1
_eocip
_f19
_gy-gencatlg
942 _2ddc
_cBK
_n0
999 _c2143
_d2143